Grundlagen sozialistischer Kulturpolitik in der Deutschen Demokratischen Republik /

Hlavní autor: Koch, Hans, 1927-1986
Jazyk: Němčina
Vydáno: Berlin : Dietz, 1983
Fyzický popis: 142 s.
Knihy
Uloženo v:
LEADER 00676nam a22002292a 4500
001 000895306
003 CZ BrMZK
005 20080429202950.0
007 ta
008 080429s1983 gw er|||||||||||ger d
040 |a BOA001  |b cze 
080 9 |a 351.85 
080 9 |a 008 
080 9 |a (430) 
100 1 |a Koch, Hans,  |d 1927-1986  |7 jx20050510010  |4 aut 
245 1 0 |a Grundlagen sozialistischer Kulturpolitik in der Deutschen Demokratischen Republik /  |c Hans Koch 
260 |a Berlin :  |b Dietz,  |c 1983 
300 |a 142 s. 
910 |a BOA001  |b 1-0867.687 
990 |a BK 
991 |b 200804 
996 7 |b 2619588028  |c 1-0867.687  |l MZK  |r Sklad / do 1 hodiny  |n 0  |w 000895306  |u 000010  |a 1  |e BOA001  |j MZK50  |s A